01086nam a2200265 a 450000100060000000300080000600500170001400800410003102000160007203500190008804000350010704100080014208200380015011000630018824501530025124600770040426000470048130000240052849000310055250000320058365100620061565100820067770000300075983000310078965424BD-RjUL20211209081426.0170306s1952 pk ||||||||s|o00| 0 eng d c: PRs. 1.50 a(BD-RjUL)65554 aBD-RjULbengcBD-RjULdBD-RjUL aeng 223 a304.609549021bGUJ 1952 (VL)1 aPakistan.boffice of the Provincial Superintendent Census.10aCensus of Pakistan, 1951 :bVillage list : Gujranwala District /cPakistan. office of the Provincial Superintendent Census ; M. H. Mahmood , [comp.] aCensus of Pakistan, 1951 :bVillage list : Punjab : Gujranwala District. aKarachi:bManager of Publications,c[1952] aii, 70 p. ;c24 cm. aCensus 51 ; vNo. 30B (1). a" chiefly statistical data" aPakistanzWest PakistanzGujranwala Districtvcensus,1951 aPakistanzWest PakistanzGujranwala DistrictxPopulation vStatistics y1951 aMahmood, M. H. , [comp.] aCensus 51 ; vNo. 30B (1).